000
00293nam a2200085Ia 4500
008
160715s9999 xx 000 0 und d
245
_a
Inter-school nat’l finals start today
260
_b
Manila Bulletin
_c
January 17, 2016
856
_u
http://www.mb.com.ph/inter-school-natl-finals-start-today-2/
999
_c
297731
_d
297731